000 00629 a2200229 4500
003 CBULib
005 20240110142022.0
008 240110b |||||||| |||| 00| 0 eng d
020 _a9781608092697
040 _bEnglish
_cCBULib
_erda
041 _aeng
050 _aPS 371.W55
100 1 _aWilson, Carter
_91571
_c(Novelist)
245 _aRevelation : a thriller
260 _bOceanview Publishing,
_c2016.
_a Florida :
300 _a352 pages
336 _2rdacontent
_aText |
_btxt
337 _2rdamedia
_aUnmediated |
_bn
338 _2rdacarrier
_aVolume
_bnc
650 0 _91576
_aFICTION, AMERICAN
942 _2lcc
_c002
999 _c82979
_d82979